BIBLIOTHÈQUE DE LA MAISON DU MEXIQUE

Logo 1 Logo 2

Miscellanea Paul Rivet Octogenario Dicata (notice nᵒ 6471)

détails MARC
000 -Sello discográfico
campo de control de longitud fija 01380nam a2200337 4500
005 - Identificación de versión
campo de control 20251016084650.0
099 ## - fechas locales
Tipo de ítem Koha LIBRO
100 ## - Datos de procesamiento general
Datos de procesamiento general 20230531d1958 m y1spay5003 ba
105 ## - Campo de datos codificados: Material textual, monográfico
Datos codificados de monografía a 101zy
200 1# - Título y mención de responsabilidad
Título propio Miscellanea Paul Rivet Octogenario Dicata
Designación general del material texto impreso
Primer mención de responsabilidad Edición Paul Rivet
210 ## - Publicación, distribución, etc.
Lugar de publicación, distribución, etc. México
Nombre del editor, distribuidor, etc. Universidad Nacional Autónoma de México
Fecha de publicación, distribución, etc. 1958
215 ## - Descripción física
Designación de material específico y extensión del ítem 2 v
Otras características físicas il.
Dimensiones 23 cm
300 ## - Notas generales
Texto de la nota 31 Congreso Internacional de Americanistas, São Paulo (Brasil) 1954. Textos en inglés, francés, alemán, italiano, portugués y español
327 ## - Nota de contenidos
Texto de la nota v.1: I. Generales. II. Norte América. III. México, Centro América, Antillas -- v.2: IV. América del Sur. V. América colonial, folklore, indigenismo, etc
345 ## - Nota de información de adquisición
Fuente de adquisición/dirección de la suscripción [OBSOLETO] Donación
410 #1 - Series
Título Publicaciones del Instituto de Historia
Nombre de parte o sección Primera Serie
Número de volumen 50
600 ## - Nombre personal usado como materia
Elemento de entrada Rivet
Parte del nombre distinta del elemento de entrada Paul
Fechas 1876-1958
Número Koha 8162
606 ## - Término temático usado como materia
Elemento de entrada Antropología
Número Koha 6497
606 ## - Término temático usado como materia
Elemento de entrada Indios de América
Número Koha 12296
607 ## - Nombre geográfico utilizado como tema
Elemento de entrada América
Subdivisión temática Antigüedades
Número Koha 5743
660 ## - Código de área geográfica
Código MX
702 ## - Nombre personal - Responsabilidad secundaria
Elemento de entrada Rivet
Parte del nombre distinta del elemento de entrada Paul
Fechas 1876-1958
Número Koha 8162
801 #0 - Fuente de origen
País FR
Agencia cm
Reglas de catalogación (convenciones descriptivas) AFNOR
900 ## -
-- 1/22045
900 ## -
-- 7100417642\080104
942 ## - ELEMENTOS DE ENTRADA SECUNDARIOS (KOHA)
Tipo de ítem Koha Livre
996 ## -
-- MEX
-- 751145101
-- MMAG
-- 007958
-- 913.7 R62M V.1
-- 20230531LIV
996 ## -
-- MEX
-- 751145101
-- MMAG
-- 007959
-- 913.7 R62M V.2
-- 20230531LIV
Exemplaires
Estatus retirado Estado de daño Estado de pérdida Fecha de adquisición Biblioteca de origen Biblioteca actual Ubicación en estantería Código de barras Precio de reemplazo Signatura topográfica completa No para préstamo Tipo de ítem Koha Nota pública Nota no pública
      05/08/2025 Casa México Paris Casa México Paris   007958 05/08/2025 913.7 R62M V.1   Livre 20230531LIV 751145101
      05/08/2025 Casa México Paris Casa México Paris   007959 05/08/2025 913.7 R62M V.2   Livre 20230531LIV 751145101